Gottfried Semper : 1803 - 1879 ; Architektur und Wissenschaft ; [anlässlich der Ausstellung "Gottfried Semper 1803 - 1879" im Architekturmuseum der TU München in der Pinakothek der Moderne (4. Juni - 31. August 2003) und im Museum für Gestaltung Zürich (1. November 2003 - 25. Januar 2004)]

Gespeichert in:
Bibliographische Detailangaben
Mitwirkende: Nerdinger, Winfried (HerausgeberIn, Hrsg.)
Semper, Gottfried (IllustratorIn)
Dokumenttyp: Tagungsbericht Buch
Sprache:German
Veröffentlicht: Zürich : gta-Verl. , 2003
München ; Berlin [u.a.] : Prestel , 2003
Schlagwörter:
Online Zugang:Inhaltsverzeichnis
Rezension
Rezension
Inhaltsverzeichnis
Bibliogr. Hinweis:Rezension: Kosmos und Orakel
Rezensiert in: [Rezension von: Winfried Nerdinger / Werner Oechslin (Hrsg.), Gottfried Semper (1803-1879)]
Verantwortlich:hrsg. von Winfried Nerdinger und Werner Oechslin
LEADER 05670cam a2201021 c 4500
001 36445573X
003 DE-627
005 20260611230005.0
007 tu
008 030613s2003 gw ||||| c 00| ||ger c
015 |a 03,N13,1533  |2 dnb 
015 |a 03,A31,1094  |2 dnb 
016 7 |a 966431251  |2 DE-101 
020 |a 3856761209  |q Buchhandelsausgabe gta-Verlag für die Schweiz  |9 3-85676-120-9 
020 |a 3791328859  |q Buchhandelsausgabe Prestel-Verlag  |9 3-7913-2885-9 
020 |a 379136006X  |q Katalogausgabe  |9 3-7913-6006-X 
020 |z 3856761201 
024 3 |a 9783791328850 
035 |a (DE-627)36445573X 
035 |a (DE-603)111557275 
035 |a (DE-576)103977538 
035 |a (DE-599)GBV36445573X 
035 |a (OCoLC)1532547036 
035 |a (OCoLC)314158912 
035 |a (OCoLC)52519945 
035 |a (OCoLC)53421500 
035 |a (AT-OBV)AC03937973 
040 |a DE-627  |b ger  |c DE-627  |e rakwb 
041 |a ger 
044 |c XA-DE  |c XA-GB  |c XD-US  |c XA-DE-BY 
050 0 |a NA1088.S48 
082 0 |a 720.943  |2 DDC21oclc 
084 |a 45  |2 sdnb 
084 |a 9,10  |2 ssgn 
084 |a ZH 4800  |2 rvk  |0 (DE-625)rvk/156166: 
084 |a LI 83600  |2 rvk  |0 (DE-625)rvk/97113: 
084 |a 56.63  |2 bkl 
084 |a 21.60  |2 bkl 
245 0 0 |a Gottfried Semper  |b 1803 - 1879 ; Architektur und Wissenschaft ; [anlässlich der Ausstellung "Gottfried Semper 1803 - 1879" im Architekturmuseum der TU München in der Pinakothek der Moderne (4. Juni - 31. August 2003) und im Museum für Gestaltung Zürich (1. November 2003 - 25. Januar 2004)]  |c hrsg. von Winfried Nerdinger und Werner Oechslin 
264 1 |a Zürich  |b gta-Verl.  |c 2003 
264 1 |a München  |a Berlin [u.a.]  |b Prestel  |c 2003 
300 |a 519 S.  |b zahlr. Ill., graph. Darst.  |c 31 cm 
336 |a Text  |b txt  |2 rdacontent 
336 |a unbewegtes Bild  |b sti  |2 rdacontent 
337 |a ohne Hilfsmittel zu benutzen  |b n  |2 rdamedia 
338 |a Band  |b nc  |2 rdacarrier 
505 8 |a Bibliogr. G. Semper und Literaturverz. S. 509 - 514 
583 1 |a Archivierung/Langzeitarchivierung gewährleistet  |f SSG  |x XA-DE-BW  |2 pdager  |5 DE-16 
600 1 7 |0 (DE-588)118613154  |0 (DE-627)13550516X  |0 (DE-576)209109106  |a Semper, Gottfried  |d 1803-1879  |2 gnd 
600 1 4 |a Semper, Gottfried <1803-1879>  |x Exhibitions 
600 1 4 |a Semper, Gottfried <1803-1879>  |x Criticism and interpretation 
650 0 7 |0 (DE-588)4002851-3  |0 (DE-627)104280352  |0 (DE-576)208848975  |a Architektur  |2 gnd 
650 4 |a Architecture  |x Germany  |x 19th century  |x Exhibitions 
650 4 |a Verzeichnis, Hauser 
655 7 |a Bildband  |0 (DE-588)4145395-5  |0 (DE-627)104450835  |0 (DE-576)209741139  |2 gnd-content 
655 7 |a Biografie  |0 (DE-588)4006804-3  |0 (DE-627)104213493  |0 (DE-576)208867147  |2 gnd-content 
655 7 |a Ausstellungskatalog  |y 2003  |z München  |0 (DE-588)4135467-9  |0 (DE-627)10566491X  |0 (DE-576)209660988  |2 gnd-content 
689 0 0 |d p  |0 (DE-588)118613154  |0 (DE-627)13550516X  |0 (DE-576)209109106  |a Semper, Gottfried  |d 1803-1879  |2 gnd 
689 0 1 |d s  |0 (DE-588)4002851-3  |0 (DE-627)104280352  |0 (DE-576)208848975  |a Architektur  |2 gnd 
689 0 |5 DE-101 
700 1 |a Nerdinger, Winfried  |d 1944-  |e Hrsg.  |0 (DE-588)129656909  |0 (DE-627)47659720X  |0 (DE-576)162360282  |4 edt 
700 1 |a Oechslin, Werner  |d 1944-  |0 (DE-588)119485303  |0 (DE-627)080300448  |0 (DE-576)162422865  |4 oth 
700 1 |a Semper, Gottfried  |d 1803-1879  |e Ill.  |0 (DE-588)118613154  |0 (DE-627)13550516X  |0 (DE-576)209109106  |4 ill 
700 1 |8 1\p  |a Altmann, Bernd  |d 1960-  |0 (DE-588)173676324  |0 (DE-627)698584066  |0 (DE-576)134518446  |4 oth 
710 2 |a Technische Universität München  |b Architekturmuseum  |0 (DE-588)2126108-8  |0 (DE-627)121122999  |0 (DE-576)194275949  |4 oth 
710 2 |a Pinakothek der Moderne  |0 (DE-588)2179410-8  |0 (DE-627)303217502  |0 (DE-576)197866395  |4 oth 
710 2 |a Museum für Gestaltung Zürich  |0 (DE-588)2097108-4  |0 (DE-627)100670113  |0 (DE-576)192922904  |4 oth 
711 2 |a Ausstellung Gottfried Semper 1803 - 1879  |d 2003-2004  |c München; Zürich  |0 (DE-588)10058467-6  |0 (DE-627)366039776  |0 (DE-576)19953103X  |4 oth 
787 0 8 |i Rezension  |a Hartmann Schweizer, Rahel, 1965 -   |t Kosmos und Orakel  |d 2003  |w (DE-627)1352712113  |w (DE-576)282712119 
787 0 8 |i Rezensiert in  |a Lieb, Stefanie, 1966 -   |t [Rezension von: Winfried Nerdinger / Werner Oechslin (Hrsg.), Gottfried Semper (1803-1879)]  |d 2004  |w (DE-627)1919534172 
856 4 2 |u https://swbplus.bsz-bw.de/bsz103977538inh.htm  |m B:DE-576;DE-16  |q application/pdf  |v 20091215101226  |x Verlag  |3 Inhaltsverzeichnis  |7 1 
856 4 2 |u https://swbplus.bsz-bw.de/bsz103977538rez.htm  |m V:DE-576  |v 2005-06-07  |3 Rezension  |7 1 
856 4 2 |u https://scans.hebis.de/HEBCGI/show.pl?11155727_rez.pdf  |m V:DE-576  |q application/pdf  |3 Rezension  |7 1 
856 4 2 |u https://scans.hebis.de/HEBCGI/show.pl?11155727_toc.pdf  |m V:DE-603;B:DE-17  |q application/pdf  |3 Inhaltsverzeichnis  |7 1 
883 |8 1\p  |a cgwrk  |d 20241001  |q DE-101  |u https://d-nb.info/provenance/plan#cgwrk 
935 |a SAXB  |a BGTS 
935 |i Blocktest 
936 r v |a ZH 4800  |b Leben und Werk einzelner Architekten  |k Technik  |k Architektur  |k Baugeschichte  |k Leben und Werk einzelner Architekten  |0 (DE-627)1270650939  |0 (DE-625)rvk/156166:  |0 (DE-576)200650939 
936 r v |a LI 83600  |b Semper, Gottfried  |k Kunstgeschichte  |k Künstler-Monografien  |k Alphabetische Künstlerliste  |k Künstler S  |k Semper, Gottfried  |0 (DE-627)1270875949  |0 (DE-625)rvk/97113:  |0 (DE-576)200875949 
936 b k |a 56.63  |j Architekten  |j Baumeister  |0 (DE-627)106403842 
936 b k |a 21.60  |j Baugeschichte: Allgemeines  |0 (DE-627)106421247 
936 s n |a l300  |2 mzub 
936 s n |a z200  |2 mzub 
951 |a BO 
990 |a Semper, Gottfried 
990 |a Architektur 
991 |a Rezensiertes Werk 
999 |a KXP-PPN36445573X  |e 4988415198